Types de Vis - Statistiques

Statistiques générales
  • Ce quiz a été pris 16 fois
  • Le résultat moyen est 4 sur 15
Statistiques - réponses
Indice Réponse % Correct
La tête de cette vis a une fente pour être serrée à l'aide d'un tournevis [Réponse]. C'est le deuxième type de vis le plus commune. Vis à tête plate
73%
Également appelée vis Phillips, elle a une tête en forme de [Réponse] pour être utilisée avec un tournevis [Réponse]. Vis à tête cruciforme
64%
Ces vis sont spécialement conçues pour être utilisées avec un certain type de matière, elles ont souvent une pointe effilée et des filets plus profonds. Vis à bois
45%
La tête de cette vis est conique, permettant de l'encastrer dans le matériau pour une finition plane. Vis à tête fraisée
45%
Cette vis a une tête [Réponse] qui peut être serrée à l'aide d'une clé ou d'une douille [Réponse]. C'est sûrement l'une des trois têtes de vis les plus communes. Vis à tête hexagonale
45%
La tête de cette vis a une empreinte en forme d'étoile à six branches pour une meilleure transmission du couple de serrage. Vis à tête torx
36%
La tête de cette vis est arrondie et saillante, offrant une finition esthétique. Vis à tête ronde
27%
Ces vis ont des filets spéciaux qui leur permettent de [réponse] dans un matériau lorsqu'elles sont vissées sans pré-perçage. Vis autotaraudeuse
27%
Ces vis sont utilisées pour fixer des pièces d'une certaine matière ensemble, elles peuvent avoir différentes têtes et empreintes selon l'application. Vis à métaux
18%
Cette vis a une empreinte particulière creuse, et elle se visse quasiment exclusivement avec un certain type d'outil coudé. C'est l'outil qui est fourni dans chaque meuble Ikéa notamment. Vis à tête Allen
18%
Cette vis a une tête [Réponse] sans encoche ou rainure apparente. Vis à tête cylindrique
18%
Ces vis ont une tige entièrement [réponse] et sont souvent utilisées pour fixer des pièces en utilisant des écrous. Vis filetée
18%
Ces vis ont une [réponse] large sous la tête pour une meilleure répartition de la charge et une résistance accrue Vis à embase
0%
Ces vis sont utilisées pour ajuster ou régler la hauteur, la position ou la tension d'un élément. Vis de réglage
0%
Ces vis sont conçues pour offrir une sécurité supplémentaire en utilisant des dispositifs spéciaux tels que des têtes à six pans creux ou des têtes fendues spéciales. Vis de sécurité
0%
Aucun quiz correspondant
Distribution des résultats
% des personnes avec chaque résultat
Percentile par nombre de réponses
Votre historique - résultats
Vous n’avez pas pris ce quiz